01093nam a2200205Ia 4500001037200000002005000372008003700422010001100459530002200470650005000492650003300542650003700575650003200612700005100644700005100695700005200746700005000798942002000848999001900868IA_Para determinar si los buenos resultados logrados a nivel experimental se pueden lograr a nivel comercial, así como evaluar la viabilidad comercial del uso del desahuatado precosecha, se hicieron aplicaciones semanales consecutivas de dos formulaciones: ácido giberélico (50 ppm) en combinación con ethrel (700 y 900 ppm) a tres variedades comerciales de tuna.DESAHUATADO PRECOSECHA DE TUNA IMPLANTADO A NIVEL220117s xx 000 0 und d a185631 aDisponible en PDF aEspinas de las plantasxTratamiento 9159752 0aOpuntia ficus-indica9153774 aPlants spinesxTreatment9159753 aTunaxDesahuatado 91597541 aColinas y León, María Teresa Beryl91637431 aCorrales García, José Joel Enrique9148339 aLira Sandoval, José Andrés, coaut. 9159755 aPonce Javana, Pedro Celestino, asesor9163744 cTESIS C369 2014 c185631d185631